| 000 | 00655nam a2200241Ia 4500 | ||
|---|---|---|---|
| 003 | OSt | ||
| 005 | 20220918180823.0 | ||
| 006 | a|||||r|||| 00| 0 | ||
| 007 | ta | ||
| 008 | 220917b |||||||| |||| 00| 0 eng d | ||
| 024 | _a24,333 | ||
| 037 | _cTextual | ||
| 040 |
_aARTS _cARTS _beng |
||
| 041 |
_2eng _aeng |
||
| 082 | _aO:u3:K3, J4 | ||
| 100 |
_aHolden William P. _957201 |
||
| 245 | 0 | _aAnti-Puritan satire 1572-1642 | |
| 260 | _c1954 | ||
| 490 | _aYale studies in English , ed by Benjamin Christie Nanglr; 126 | ||
| 650 | _aENGLISH LITERATURE | ||
| 942 |
_hO:u3:K3, J4 _cTEXL _2CC |
||
| 999 |
_c163305 _d163305 |
||